• 首页
  • 本馆介绍
  • 公告通知
  • 最新文献
  • 馆藏检索
  • 电子资源
  • 读者导购
  • 参考咨询
  • 我的图书馆
  • 登录
  • 详细信息显示
  • 放入我的书架
  • 预约/预借图书
  • 作者相关作品
  • 分类相关作品
  • 丛书相关作品
  • 出版社相关作品

书目信息

  • 表格格式
  • 工作单格式
  • 卡片格式
题名:
UFO未解之谜
    
 
作者: 艾立姆 编著
分册:  
出版信息: 北京   中国戏剧出版社  1999
页数: 262页
开本: 20cm
丛书名: 探索未知世界丛书
单 册:
中图分类: V11-49
科图分类:
主题词: 飞碟--普及读物 , 飞碟 , 航天生物学--普及读物 , 航天生物学
电子资源:
ISBN: 7-104-01158-7
000 00705oam2 2200265 450
001 1572595076
005 20150207201032.29
010    @a7-104-01158-7@dCNY19
100    @a20000320d1999 em y0chiy0110 ea
101 0  @achi
102    @aCN@b110000
105    @af z 000yy
200 1  @aUFO未解之谜@AUFO wei jie zhi mi@f艾立姆编著
210    @a北京@c中国戏剧出版社@d1999
215    @a262页@c照片@d20cm
225 2  @a探索未知世界丛书
461  0 @12001 @a探索未知世界丛书
606 0  @a飞碟@x普及读物
606 0  @a飞碟
606 0  @a航天生物学@x普及读物
606 0  @a航天生物学
690    @aV11-49@v4
701  0 @a艾立姆@Aai li mu@4编著
801  0 @aCN@bNLC@c20101222
905    @aZUCC@dV11-49@eJY3
    
    UFO未解之谜/艾立姆编著.-北京:中国戏剧出版社,1999
    262页:照片;20cm.-(探索未知世界丛书)
    
    
    ISBN 7-104-01158-7:CNY19
    
●
相关链接 在E读中查询图书 在五车中查询图书 在当当中查询图书 在豆瓣中查询图书


正题名:UFO未解之谜     索取号:V11-49/JY3         预约/预借

序号 登录号 条形码 馆藏地/架位号 状态 备注
1 7847895   278478951   学院路分馆/ [索取号:V11-49/JY3] 在馆    
2 7847896   278478960   学院路分馆/ [索取号:V11-49/JY3] 在馆    
3 7847897   278478979   学院路分馆/ [索取号:V11-49/JY3] 在馆    
4 7847898   278478988   学院路分馆/ [索取号:V11-49/JY3] 在馆    
唐山师范学院图书馆 欢迎您!
大连网信软件有限公司© 版权所有